000 00457nam a2200181Ia 4500
003 GCL
008 140319s9999 xx 000 0 eng d
040 _aGCL /
_cGCL
082 0 4 _a780.92
_bR B
100 1 _aREYNOLDS, CHRISTOPHER
245 1 0 _aBEETHOVEN FORUM /
_cREYNOLDS, CHRISTOPHER
260 _a[S.N] :
_bUNIVERSITY OF NEBRASKA PRESS ،
_c1992
300 _a250 PP
650 0 4 _aARTS
650 0 4 _aMUSIC
650 0 4 _aBEETHOVEN
942 _2ddc
_cBK
999 _c19166
_d19166